000 01050nam a22002657a 4500
001 6129
003 FISKH
005 20250318091735.0
008 250318b cb ||||| |||| 00| 0 eng d
020 _a9780545000130
040 _aFISKH
_beng
_cFISKH
_dFISKH
050 _aPZ7.L69116 R
082 _a813.6
100 _aLisle, Holly
245 _aThe Ruby key /
_cBy Holly Lisle
250 _aFirst Scholastic paperback printing, April 2009
260 _aNew York :
_bScholastic ;
_c2008.
300 _a361 pages :
_billustrations ;
_c20 cm .
490 _aMoon and sun
520 _aIn a world where an uneasy peace binds Humans and Nightlings, fourteen-year-old Genna and her twelve-year-old brother Dan learn of their uncle's plot to gain immortality in exchange for human lives, and the two strike their own bargain with the Nightling lord, which sets them on a dangerous journey along the Moonroads in search of a key.
650 _aAdventure
_vFiction
650 _aSun and moon
_vFiction
942 _2ddc
_cBK
_n0
999 _c6129
_d6129